书目信息 |
| 题名: |
智力工程概论
|
|
| 作者: | 徐章英 , 顾力兵 编著 | |
| 分册: | ||
| 出版信息: | 北京 人民教育出版社 1997 |
|
| 页数: | 21,447页 | |
| 开本: | 20cm | |
| 丛书名: | ||
| 单 册: | ||
| 中图分类: | G40-013 | |
| 科图分类: | 38.103 | |
| 主题词: | 智力开发-教育学--概论 , 教育学-智力开发--概论 | |
| 电子资源: | ||
| ISBN: | 7-107-11799-8 | |
| 000 | 00716nam0 2200253 45 | |
| 001 | 1532423127 | |
| 005 | 20150129090049.60 | |
| 010 | @a7-107-11799-8@dCNY17.10 | |
| 100 | @a19970908d1997 kemy0chiy0121 ea | |
| 101 | 0 | @achi |
| 102 | @aCN@b110000 | |
| 105 | @ay z 000yy | |
| 200 | 10 | @a智力工程概论@Azhi li gong cheng gai lun@f徐章英,顾力兵编著 |
| 210 | @a北京@c人民教育出版社@d1997 | |
| 215 | @a21,447页@d20cm | |
| 300 | @a国家自然科学基金资助项目 | |
| 606 | @a智力开发-教育学@x概论 | |
| 606 | @a教育学-智力开发@x概论 | |
| 690 | @aG40-013@v3 | |
| 692 | @a38.103 | |
| 701 | 0 | @a徐章英@Axu zhang ying@4编著 |
| 701 | 0 | @a顾力兵@Agu li bing@4编著 |
| 801 | 0 | @aCN@bTSSF@c20150129 |
| 905 | @aZUCC@dG40-013@eJY2 | |
| 智力工程概论/徐章英,顾力兵编著.-北京:人民教育出版社,1997 |
| 21,447页;20cm |
| 国家自然科学基金资助项目 |
| ISBN 7-107-11799-8:CNY17.10 |
| ● |
| 相关链接 |
|
|
|
|
正题名:智力工程概论
索取号:G40-013/JY2
 
预约/预借
| 序号 | 登录号 | 条形码 | 馆藏地/架位号 | 状态 | 备注 |
| 1 | 7845782 | 278457821 | 学院路分馆/ [索取号:G40-013/JY2] | 在馆 | |
| 2 | 7845783 | 278457830 | 学院路分馆/ [索取号:G40-013/JY2] | 在馆 |